| 000 | 00362pam a2200157 a 4500 | ||
|---|---|---|---|
| 020 |
_a9780340810590 _c |
||
| 041 | _h | ||
| 082 |
_a614 _bSHE |
||
| 100 | _aShepherd Richard . | ||
| 245 |
_aSimpson`s Forensic Medicine _hTextual Documents |
||
| 250 | _a12th ed. | ||
| 260 |
_bHodder Arnold _c2003 |
||
| 300 | _a196. | ||
| 653 | _aForensic Medicine | ||
| 930 | _a8653 | ||
| 999 |
_c8649 _d8649 |
||